000 00582nam a2200229Ia 4500
008 160819s9999 xx 000 0 und d
020 _a978-1-85626-688-8
050 _aCUL TX 724.5
050 _b.I4P36 2006
100 _aPanjabi, Camellia.
245 _a51 great curries of India /
245 _cCamellia Panjabi.
250 _aRevised Edition
260 _aLondon :
260 _bKyle Cathie Limited,
260 _c2006
300 _a192 pages :
300 _bcolor illustrations ;
300 _c28 cm.
500 _aIncludes index.
650 _aCooking, Indie.
999 _c300703
_d300703